Loading...
സംഘം
| Hovedforfatter: | |
|---|---|
| Andre forfattere: | |
| Format: | Printed Book |
| Sprog: | English |
| Fag: |
| LEADER | 00603nam a22001577a 4500 | ||
|---|---|---|---|
| 008 | 130723b xxu||||| |||| 00| 0 eng d | ||
| 082 | |a 894.13 KUN | ||
| 100 | |a കുഞ്ഞബ്ദുള്ള, പുനത്തില് | ||
| 240 | |a Sangam | ||
| 245 | |a സംഘം |c പുനത്തില് കുഞ്ഞബ്ദുള്ള | ||
| 300 | |a 82p. | ||
| 650 | |a Novel | ||
| 700 | |a kunhabdulla, Punathil | ||
| 942 | |2 ddc |c BK | ||
| 999 | |c 1706 |d 1706 | ||
| 952 | |0 0 |1 0 |2 ddc |4 0 |6 894_130000000000000_KUN |7 0 |9 1884 |a MAIN |b MAIN |d 2013-07-23 |e haritham books |g 70.00 |o 894.13 KUN |p 1968 |r 2013-07-23 |t 1 |w 2013-07-23 |y BK | ||